ARRUPE JESUIT UNIVERSITY

CORONAVIRUS -STOP THE SPREAD - CLEAN,DISINFECT,COVER

Religion and national integration in Africa (Record no. 130071)

MARC details
000 -LEADER
fixed length control field 00921nam a22002177a 4500
008 - FIXED-LENGTH DATA ELEMENTS--GENERAL INFORMATION
fixed length control field 191118b ||||| |||| 00| 0 eng d
050 ## - LIBRARY OF CONGRESS CALL NUMBER
Classification number BP64.S8 R45 1992
100 ## - MAIN ENTRY--PERSONAL NAME
Personal name Hunwick, John O.
9 (RLIN) 32189
245 ## - TITLE STATEMENT
Title Religion and national integration in Africa
Remainder of title Islam, Christianity and politics in the Sudan and Nigeria
Statement of responsibility, etc John O. Hunwick
260 ## - PUBLICATION, DISTRIBUTION, ETC. (IMPRINT)
Place of publication, distribution, etc Illinois
Name of publisher, distributor, etc Northwestern University Press
Date of publication, distribution, etc 1992
300 ## - PHYSICAL DESCRIPTION
Extent xii, 176p. ;
Dimensions 23cm.
650 ## - SUBJECT ADDED ENTRY--TOPICAL TERM
Topical term or geographic name as entry element Islam
General subdivision Social aspects
Geographic subdivision Sudan
9 (RLIN) 48788
650 ## - SUBJECT ADDED ENTRY--TOPICAL TERM
Topical term or geographic name as entry element Islam
General subdivision Social aspects
Geographic subdivision Nigeria
9 (RLIN) 48789
650 ## - SUBJECT ADDED ENTRY--TOPICAL TERM
Topical term or geographic name as entry element Christianity
General subdivision Social aspects
Geographic subdivision Sudan
9 (RLIN) 48790
650 ## - SUBJECT ADDED ENTRY--TOPICAL TERM
Topical term or geographic name as entry element Christianity
General subdivision Social aspects
Geographic subdivision Nigeria
9 (RLIN) 48791
650 ## - SUBJECT ADDED ENTRY--TOPICAL TERM
Topical term or geographic name as entry element Islam
General subdivision Relations
-- Christianity
9 (RLIN) 48792
650 ## - SUBJECT ADDED ENTRY--TOPICAL TERM
Topical term or geographic name as entry element Christianity and other religions
General subdivision Islam
9 (RLIN) 48793
651 ## - SUBJECT ADDED ENTRY--GEOGRAPHIC NAME
Geographic name Sudan
General subdivision Politics and government
Chronological subdivision 1956-
9 (RLIN) 48794
651 ## - SUBJECT ADDED ENTRY--GEOGRAPHIC NAME
Geographic name Nigeria
General subdivision Politics and government
Chronological subdivision 1960-
9 (RLIN) 32498
942 ## - ADDED ENTRY ELEMENTS (KOHA)
Source of classification or shelving scheme Library of Congress Classification
Item type Monograph ( Printed materials)
Holdings
Withdrawn status Lost status Source of classification or shelving scheme Damaged status Not for loan Collection code Home library Current library Shelving location Date acquired Total Checkouts Full call number Barcode Date last seen Price effective from Koha item type
    Library of Congress Classification     Main Collection ARRUPE LIBRARY ARRUPE LIBRARY Main Collection 18/11/2019   BP64.S8 R45 1992 46600005917 18/11/2019 18/11/2019 Monograph ( Printed materials)

 

Arrupe Library. PO Box MP320 Mt Pleasant, Harare, Zimbabwe
263 242 745411|librarian@aju.ac.zw